| 000 | 00469nam a2200169 i 4500 | ||
|---|---|---|---|
| 001 | 34686 | ||
| 003 | ES-MaACL | ||
| 005 | 20230906154958.0 | ||
| 007 | t| | ||
| 008 | 030207s1960 sp ||||1| spa d | ||
| 100 | 1 |
_aBoada, J. _929616 |
|
| 245 | 1 | 0 |
_aEstenografía _b: sistema de escritura cursiva breve / _cpor J. Boada. |
| 250 | _a21ª ed. | ||
| 260 |
_aBarcelona : _bCots, _c1960 ( _fRamírez) |
||
| 300 |
_a99 p. ; _c21 cm. |
||
| 852 |
_aES-MaACL _jC-19837 _bR.47773 |
||
| 999 |
_c34686 _d34686 |
||